Public relations writing : the essentials of style and format (Record no. 8717)

000 -LEADER
fixed length control field 00758 a2200229 4500
020 ## - INTERNATIONAL STANDARD BOOK NUMBER
International Standard Book Number 0844203513
020 ## - INTERNATIONAL STANDARD BOOK NUMBER
International Standard Book Number 0844203521
035 ## - SYSTEM CONTROL NUMBER
System control number (OCoLC)ocm39981332
040 ## - CATALOGING SOURCE
Original cataloging agency DLC
Language of cataloging DLC
082 00 - DEWEY DECIMAL CLASSIFICATION NUMBER
Classification number 659.2
100 1# - MAIN ENTRY--PERSONAL NAME
Personal name Bivins, Thomas H.
245 10 - TITLE STATEMENT
Title Public relations writing : the essentials of style and format
Statement of responsibility, etc. Thomas H. Bivins.
250 ## - EDITION STATEMENT
Edition statement 4th ed.
260 ## - PUBLICATION, DISTRIBUTION, ETC.
Place of publication, distribution, etc. Lincolnwood, Ill., USA :
Name of publisher, distributor, etc. NTC/Contemporary Pub. Group,
Date of publication, distribution, etc. c1999.
300 ## - PHYSICAL DESCRIPTION
Extent xiii, 385 p. :
Other physical details ill. ;
Dimensions 23 cm.
500 ## - GENERAL NOTE
General note Rev. ed. of: Handbook for public relations writing.
500 ## - GENERAL NOTE
General note Includes index.
650 #0 - SUBJECT ADDED ENTRY--TOPICAL TERM
Topical term or geographic name entry element Public relations
Geographic subdivision United States.
650 #0 - SUBJECT ADDED ENTRY--TOPICAL TERM
Topical term or geographic name entry element Public relations
Geographic subdivision United States
General subdivision Authorship.
700 1# - ADDED ENTRY--PERSONAL NAME
Personal name Bivins, Thomas H.
Dates associated with a name 1947-
942 ## - ADDED ENTRY ELEMENTS (KOHA)
Koha item type Book
Call number prefix 659.2 BIV
Source of classification or shelving scheme
Holdings
Withdrawn status Lost status Damaged status Not for loan Collection code Permanent Location Current Location Shelving location Date acquired Source of acquisition Cost, normal purchase price Total Checkouts Full call number Barcode Date last seen Price effective from Koha item type
          Central Library (CL) Central Library (CL) General Stacks 07/21/2005 Academic Book company 1846.84   659.2 BIV SEECS006027 11/14/2012 01/05/2017 Book
© 2023 Central Library, National University of Sciences and Technology. All Rights Reserved.